000 00210nam a22000857a 4500
008 161201b xxu||||| |||| 00| 0 eng d
100 _91674
_aSarin,S
245 _aPower of Knowledge
260 _aNew Delhi
_bAngel
_c2005
999 _c4385
_d4385